The artist & the title page.

Saved in:
Bibliographic Details
Corporate Author: Bryn Mawr College. Library.
Format: Book
Language:English
Published: Bryn Mawr, Pa. : Bryn Mawr College, [1974].
Subjects:
Tags: Add Tag
No Tags, Be the first to tag this record!
LEADER 00878nam a2200265Ia 4500
001 008168564-5
005 20090713023823.0
008 860428s1974 pauah b 000 0 eng d
035 0 |a ocm13502841 
040 |a WCM  |c WCM  |d HHG 
050 4 |a NC977  |b .B7 
090 |a NC977  |b .B7 
110 2 |a Bryn Mawr College.  |b Library. 
245 1 4 |a The artist & the title page. 
246 3 |a Artist and the title page. 
260 |a Bryn Mawr, Pa. :  |b Bryn Mawr College,  |c [1974]. 
300 |a [20] p. :  |b ill., facsims. ;  |c 22 cm. 
500 |a Handlist of an exhibition in the Class of 1912 Rare Book Room, the Mariam Coffin Canaday Library, 22 Mar.-8 Sept. 1974. 
650 0 |a Title pages  |x History. 
610 2 0 |a Bryn Mawr College.  |b Library. 
650 0 |a Illustrated books  |v Exhibitions. 
655 7 |a Exhibition catalogs.  |2 fast 
655 7 |a History.  |2 fast 
988 |a 20020608 
906 |0 OCLC